Catálogo
 En Linea

Desarme, partidarios y enemigos : (Registro nro. 39401)

Detalles MARC
000 -CABECERA
campo de control de longitud fija 00698nam a2200157 a 4500
001 - NÚMERO DE CONTROL
campo de control 000039911
005 - FECHA Y HORA DE LA ÚLTIMA TRANSACCIÓN
campo de control 20201002033814.0
008 - DATOS DE LONGITUD FIJA--INFORMACIÓN GENERAL
campo de control de longitud fija 130729s1982 ru 000 0 spa d
040 ## - FUENTE DE LA CATALOGACIÓN
Centro catalogador/agencia de origen DO-SdBNP
Lengua de catalogación spa
Centro/agencia transcriptor BNPHU
082 ## - NÚMERO DE LA CLASIFICACIÓN DECIMAL DEWEY
Número de clasificación xxx
Número de documento/Ítem G929d
100 1# - ENTRADA PRINCIPAL--NOMBRE DE PERSONA
Nombre de persona Guerasimov, Guennadi
9 (RLIN) 66118
245 10 - MENCIÓN DE TÍTULO
Título Desarme, partidarios y enemigos :
Resto del título acerca de los resultados del segundo periódo extraordinario de sesiones de la Asamblea General de la ONU para el desarme 7.6-10.7.1982 /
Mención de responsabilidad, etc. Guennadi Guerasimov ; traductor Raul Serebriski.
260 ## - PUBLICACIÓN, DISTRIBUCIÓN, ETC.
Lugar de publicación, distribución, etc. [Rusia] :
Nombre del editor, distribuidor, etc. Edit. de la Agencia de Prensa Nóvosti,
Fecha de publicación, distribución, etc. 1982.
300 ## - DESCRIPCIÓN FÍSICA
Extensión 88 p.
-- 17 cm.
500 ## - NOTA GENERAL
Nota general Incluye datos biográficos del autor en la solapa de la contracubierta.
Existencias
Estado de retiro Estado de pérdida Restricciones de uso No para préstamo Código de colección Localización permanente Ubicación/localización actual Ubicación en estantería Fecha de adquisición Número de inventario Total de préstamos Signatura topográfica completa Código de barras Fecha visto por última vez Precio válido a partir de Tipo de ítem Koha
      Excluido de préstamo Monografías: Libros y Folletos General General En catalogación 29.07.2013 LF1   xxx G929d 39911-10 25.06.2020 25.06.2020 No se presta

Con tecnología Koha